| 000 | 01046nam a2200253 i 4500 | ||
|---|---|---|---|
| 001 | 125062 | ||
| 003 | ES-MaACL | ||
| 005 | 20230906192538.0 | ||
| 007 | t| | ||
| 008 | 070427s1932 sp ||||1| spa d | ||
| 080 | _a860-22"19" | ||
| 100 | 1 |
_aAguilar Catena, J. _918716 |
|
| 245 | 1 | 3 |
_aUn soltero difícil : _bcomedia en tres actos, el último dividido en tres cuadros / _cJuan Aguilar Catena y Valentín de Pedro ; dibujos de Antonio Merlo. |
| 260 |
_aMadrid : _bRibadeneyra, _c1932. |
||
| 300 |
_a70 p. : _bil. ; _c17 cm. |
||
| 490 | 1 |
_aLa Farsa ; _v254 |
|
| 594 | _aEstrenada en el Teatro Poliorama de Barcelona, por la Compañía Soler-Mary-Rodríguez de la Vega; y en el Teatro Pavón, de Madrid, por la Compañía Carmen Sánchez-Fulgencio Nogueras, el día 13 de julio de 1932. | ||
| 599 | _aCub.: Carmen Sánchez, notable y bella primera actriz. | ||
| 700 | 1 |
_aValentín, Pedro de. _9112608 |
|
| 700 | 1 |
_aMerlo, Antonio. _980579 |
|
| 830 | 0 |
_aLa Farsa ; _v254 _9185863 |
|
| 852 | 4 |
_aES-MaACL _j2217-F-8 |
|
| 999 |
_c125062 _d125062 |
||